000 00272nam a2200109Ia 4500
005 20251222114416.0
008 251222s1900||||xx |||||||||||||| ||spa||
082 _aDVD0092/J92U/2006
245 0 _aUnción de los enfermos.
264 _bFajardo Olivares, Walter
942 _cDVD
999 _c2223
_d2223